Biggest cities-2nd place - Statistics

General Stats
  • This quiz has been taken 10 times
  • The average score is 21 of 41
Answer Stats
Country 1st 2nd % Correct
Spain Madrid Barcelona
100%
Germany Berlin Hamburg
100%
Poland Warsaw Krakow
100%
Italy Rome Milan
100%
Netherlands Amsterdam Rotterdam
100%
Russia Moscow St Petersburg
100%
Greece Athens Thessaloniki
100%
Belgium Brussels Antwerp
88%
United Kingdom London Birmingham
88%
France Paris Marseille
88%
Portugal Lisbon Porto
88%
Norway Oslo Bergen
75%
Switzerland Zurich Geneva
75%
Croatia Zagreb Split
75%
Czechia Prague Brno
63%
Ukraine Kyiv Kharkiv
63%
Denmark Copenhagen Aarhus
50%
Bosnia/Herzegovina Sarajevo Banja Luka
50%
Romania Bucharest Cluj Napoca
50%
Ireland Dublin Cork
50%
Sweden Stockholm Gothenburg
50%
Austria Vienna Graz
50%
Lithuania Vilnius Kaunas
50%
Hungary Budapest Debrecen
38%
Slovenia Ljubljana Maribor
38%
Serbia Belgrade Novi Sad
38%
Bulgaria Sofia Plovdiv
38%
Albania Tirana Durres
25%
Luxembourg Luxembourg Esch sur Alzette
25%
Finland Helsinki Espoo
25%
Slovakia Bratislava Kosice
25%
Kosovo Pristina Prizren
25%
Estonia Tallinn Tartu
25%
Malta St Pauls Bay Birkirkara
13%
Latvia Riga Daugavpils
13%
Cyprus Nicosia Limassol
13%
Montenegro Podgorica Niksic
13%
Moldova Chisinau Balti
0%
North Macedonia Skopje Bitola
0%
Andorra Andorra La Vella Escaldes Engordany
0%
Iceland Reykjavik Kopavogur
0%
No matching quizzes found
Score Distribution
Percent of People with Each Score
Percentile by Number Answered
Your Score History
You have not taken this quiz